| 000 | 01501nam a2200337 i 4500 | ||
|---|---|---|---|
| 999 |
_c7737 _d7737 |
||
| 001 | 991060788711606706 | ||
| 003 | OSt | ||
| 005 | 20230523111044.0 | ||
| 008 | 221026s2022 spca||| |||| 0|0 0 cat| | ||
| 015 |
_aLL2022 _2bnc |
||
| 017 |
_aDL GI 777-2020 _bBiblioteca de Catalunya |
||
| 040 |
_aES-BaBC _bcat _erda _cCDMR |
||
| 043 |
_ae-sp--- _be-spcg- _2catmarc |
||
| 080 |
_a77.092 _x(460.233) _x(083.824) _22004 |
||
| 080 |
_a77.03 _x(460.233) _x(083.824) _22004 |
||
| 080 |
_a616.2-022-036.22 _x(083.824) _22004 |
||
| 245 | 0 | 0 |
_araholafoto2020 : _bfotografies presentades a l'onzena edició dels Premis Carles Rahola de Comunicació Local / _ctextos: Anna Estartús |
| 246 | 1 | 0 | _aRahola Foto 2020 |
| 264 | 1 |
_aGirona : _bDiputació de Girona : _bDemarcació de Girona del Col·legi de Periodistes de Catalunya, _c[2020] |
|
| 300 |
_a42 pàgines sense numerar : _bprincipalment il·lustracions en color ; _c21 x 21 cm |
||
| 500 | _aCatàleg de l'exposició | ||
| 505 | 8 | _aInclou 36 treballs presentats a l'11a edició del Premi Carles Rahola de Comunicació Local | |
| 650 | 7 |
_aFotografia documental _zCatalunya _zGirona (Província) _xExposicions. _2lemac |
|
| 650 | 7 |
_aFotografia _xConcursos _zCatalunya _zGirona (Província) _xExposicions. _2lemac |
|
| 651 | 0 |
_94609 _aCatalunya _vPolítica i govern _yS.XXI _xExposicions |
|
| 700 | 1 | _aEstartús, Anna, | |
| 711 | 2 |
_aPremis Carles Rahola de Comunicació Local _n(11a : _d2020 : _cGirona, Catalunya) |
|
| 908 | _aBC | ||
| 940 | _aBC | ||
| 942 |
_2udc _cFULLET |
||